LEADER 01054nam a2200265 i 4500 001 000000147230 003 CaOOAMICUS 005 20060125000000.0 008 060125s1975 fr u000 u fre u 013 $a124302 020 $a2-227-30107-4 040 $aSeMil$bita 100 1 $aBaciocchi, Joseph : de,$c.$0(OLS)http://semarc/name/15527 245 10$aJésus Christ dans le débat des hommes /$cJoseph de Baciocchi. 260 $aParis :$bLe Centurion,$c1975. 300 $a146 p. , 21 cm. 490 0 $aCroire et comprendre 500 $aContiene : Bibliographie. 650 4$aGesů Cristo - Persona.$0(OLS)http://semarc/subject/8952 830 0$aCroire et comprendre.$0(OLS)http://semarc/title/20248 850 $aSeMil 852 $aSeMil$W1$xVenegono$y1$m2RA II 81$j99808$B99808$CSeMilBibl$Z2$F108307 $81 996 $6020$a2-227-30107-4$9(OLS)http://semarc/number/135888 996 $6245$aJésus Christ dans le débat des hommes$9(OLS)http://semarc/title/215277 996 $6260$aParis :$bLe Centurion$9(OLS)http://semarc/publisher/32052 LEADER 01140nas a2200217 i 4500 001 000000236117 003 CaOOAMICUS 005 20141124000000.0 008 141124b1979 it uu u0 0ita r 013 $a215021 040 $aSeMil$bita 245 10$aNuovi processi nella Chiesa e tra i cattolici italiani :$bil ruolo delle ACLI. Atti del Seminario nazionale di studio delle ACLI. Vallombrosa 30 agosto - 2 settembre 1979. 260 $a[S.l. :$bs.n.],$c1979$e(Roma :$fRondoni,$g1979) 300 $a391 p. ;$c24 cm. 650 4$aACLI - Attivitŕ.$0(OLS)http://semarc/subject/20081 710 0 $aACLI.$0(OLS)http://semarc/name/42616 773 0 $tQuaderni di Azione Sociale.$dRoma : Aesse $w()2659 850 $aSeMil 852 $aSeMil$W1$xVenegono$y1$m55 5 15S$j186463$B186463$CSeMilBibl$Z2$F197263 $85 996 $6245$aNuovi processi nella Chiesa e tra i cattolici italiani :$bil ruolo delle ACLI. Atti del Seminario nazionale di studio delle ACLI. Vallombrosa 30 agosto - 2 settembre 1979$9(OLS)http://semarc/title/336511 996 $6260$a[S.l. :$bs.n.]$9(OLS)http://semarc/publisher/29751